| 000 | 00000nam 2200000za 4500 |
| 001 | 9.803514 |
| 003 | CaOODSP |
| 005 | 20221107135227 |
| 007 | cr ||||||||||| |
| 008 | 150407s2015 oncoa|||o f00| 0 fre d |
| 040 | |aCaOODSP|bfre |
| 043 | |an-cn--- |
| 086 | 1 |aCH4-129/2015F-PDF|zCH4-129/2015F |
| 245 | 03|aLa couronne canadienne |h[ressource électronique] : |bla monarchie constitutionnelle au Canada. |
| 250 | |a2015 éd. |
| 260 | |a[Ottawa] : |bPatrimoine canadien, |cc2015. |
| 300 | |a65, xxi p. : |bglossaire, photographies. |
| 500 | |aLe n° de l'ISBN (978-1-100-98677-7) de l'édition 2012 imprimée a été copié dans la version PDF. |
| 500 | |aPublié aussi en anglais sous le titre : A crown of maples: constitutional monarchy in Canada. |
| 691 | 07|aCérémonial d'État|2gcpds |
| 691 | 07|aMonarchie|2gcpds |
| 710 | 1 |aCanada. |bPatrimoine canadien. |
| 775 | 08|tA crown of maples |w(CaOODSP)9.803512 |
| 856 | 40|qPDF|s8.84 Mo|uhttps://publications.gc.ca/collections/collection_2015/pc-ch/CH4-129-2015-fra.pdf |